| 000 | 00730nam a2200229Ia 4500 | ||
|---|---|---|---|
| 003 | GCL | ||
| 008 | 140319s9999 xx 000 0 ara d | ||
| 040 |
_aGCL / _cGCL |
||
| 082 | 0 | 4 |
_a810.9 _bش ف |
| 100 | 1 | _aشوقى ضيف | |
| 245 | 1 | 0 |
_aفى التراث والشعر واللغة / _cشوقى ضيف |
| 260 |
_aالقاهرة : _bدار المعارف ، _c1987 |
||
| 300 |
_a275 ص ؛ _c24 سم |
||
| 490 |
_aمكتبة الدراسات الادبية _v100 |
||
| 650 | 0 | 4 | _aالشعر العربى |
| 650 | 0 | 4 | _aالادب العربى |
| 650 | 0 | 4 | _aالتراث العربى |
| 650 | 0 | 4 | _aالبلاغة العربية |
| 650 | 0 | 4 | _aالمسرح العربى |
| 650 | 0 | 4 | _aتاريخ ونقد |
| 942 |
_2ddc _cBK |
||
| 999 |
_c28648 _d28648 |
||